000 00518 a2200133 4500
020 _a0942364104
050 _aRA771
_b.W47 1982
100 _aWerner David.
_d1934
_eAuthor.
_qDavid Werner.
_93192
245 _aHelping Health Workers learn.
_bA book of methods, aids, and ideas for instructors at the village level.
_cDavid Werner and Bill Bower.
260 _aPalo Alto, Calif.
_bHesperian Foundation,
_cc1982.
300 _a1 volume (various pagings). :
_bill. ;
_c25 cm.
504 _6Includes index.
942 _2lcc
_cBK
_n0
999 _c1649
_d1649